1133 1516 1186 1134 1349 1917 1067 1387 1347 1907 1035 1223 1113 1499 1076 1292 1196 1245 1265 1659 1778 1111 1393 1325 1504 1607 1246 1118 1422 1433 1022 1709 1533 1603 1333 1413 1837 1956 1023 1970 1514 1067 1405 1120 1804 1326 1278 1045 1989 1610 1910 1433 1547 1976 1670 1098 1520 1945 1351 1753 1618 1981 1112 1708 1674 1422 1340 1329 1244 1457 1248 1098 1721 1694 1108 1225 1525 1622 1232 1739 1648 1489 1015 1875 1121 1174 1887 1138 1316 1679 1279 1150 1110 1442 1102 1248 1340 1737 1555 BCNSPRNW ULIB Ver.6.0+V

เปลี่ยนเป็นภาษาไทย

Change to English
 แสดงรายละเอียดบรรณานุกรม
  กลับหน้าหลัก

Brief Record : Get Marc (ISO 2709) : E-mail record : QR code < ปิดหน้าต่าง
LEADER : 00000nam 2200000uu 4500
001    13399128218
003     ULIB
008    220816s2020||||th 000 0 tha d
020    ^a9780323758765
060 04 ^aWY49^bP462S
100 1  ^aPerry, Anne Griffin,^eauthor
245 10 ^aSkills performance checklists for clinical nursing skills& techniques /^c[Anne Griffin] Perry, [Patricia A.] Potter,[Wendy R.] Ostendorf
246 30 ^aclinical nursing skills and techniques
250    ^a10th edition
260    ^aSt. Louis, Missouri :^bElsevier,^c2022
300    ^a730 pages ;^c28 cm
504    ^aIncludes bibliographical references and index
650  2 ^aNursing Care^xmethods
650  2 ^aClinical Medicine^xmethods
650  2 ^aEvidence-Based Nursing^xmethods
700 1  ^a Perry, Anne Griffin, ^eeditor.
700 1  ^aPotter, Patricia Ann,^eauthor
700 1  ^aOstendorf, Wendy,^eauthor
945    ^p0^l0^i009322
999    ^aประนอม เกษจรัล
รายการนี้ยังไม่มีแท็ก
คุณยังไม่ได้ล็อกอิน คุณสามารถมีกิจกรรมร่วมกับเว็บไซต์ได้ แต่ต้องล็อกอินก่อน ::
  ล็อกอิน

รายการสื่อสารสนเทศ

ลำดับที่ ประเภท เลขเรียก/บาร์โค้ด สถานที่ สถานะ
1. Book การพยาบาล
หนังสือสำรอง
สถานะ=หนังสือสำรอง
WY49 P462S ฉ.1 
  Barcode: 009322
ห้องสมุดวิทยาเขตสวรรค์ประชารักษ์
►หนังสือทั่วไป
บนชั้น

BibComment


ยังไม่เคยถูกคอมเมนท์

คอมเมนท์ทรัพยากรรายการนี้
  คอมเมนท์: Skills performan..


 Copyright 2026. Bcnsprnw @Library